Normal view
MARC view
- التعاقد عبر الانترنت -- العقود الالكترونية -- البيع -- قوانين وتشريعات -- تجارة -- معالجة آلية -- انترنت (شبكة حاسوب )
Entry Topical Term
001 - CONTROL NUMBER
- control field: 43858
003 - CONTROL NUMBER IDENTIFIER
- control field: JO-AjAnu
005 - DATE AND TIME OF LATEST TRANSACTION
- control field: 20230606081251.0
008 - FIXED-LENGTH DATA ELEMENTS
- fixed length control field: 230606|| aca||aabn | a|a d
040 ## - CATALOGING SOURCE
- Original cataloging agency: JO-AjAnu
- Transcribing agency: JO-AjAnu
150 ## - HEADING--TOPICAL TERM
- Topical term or geographic name entry element: التعاقد عبر الانترنت -- العقود الالكترونية -- البيع -- قوانين وتشريعات -- تجارة -- معالجة آلية -- انترنت (شبكة حاسوب )
670 ## - SOURCE DATA FOUND
- Source citation: Work cat.: (JO-AjAnu)22453: الصيرفي ، محمد, author 43857, البيع والشراء عبر الإنترنت